Lyrics to 'Ladrona' by Morat - Statistics

General Stats
  • This quiz has been taken 38 times
  • The average score is 266 of 320
Answer Stats
Answer % Correct
a
100%
la
100%
ladrona
100%
amaré
88%
así
88%
aunque
88%
Aunque
88%
beso
88%
besos
88%
cada
88%
con
88%
da
88%
De
88%
desnudas
88%
despierto
88%
di
88%
el
88%
en
88%
ganas
88%
hagas
88%
jamás
88%
lo
88%
los
88%
más
88%
me
88%
metas
88%
mi
88%
mis
88%
no
88%
No
88%
Para
88%
Pero
88%
poder
88%
Que
88%
que
88%
quedes
88%
Quisiera
88%
robarme
88%
se
88%
88%
si
88%
sin
88%
son
88%
sueños
88%
tal
88%
te
88%
todas
88%
todo
88%
ver
88%
vez
88%
Y
88%
yo
88%
Yo
88%
aire
75%
al
75%
alma
75%
batalla
75%
como
75%
Como
75%
dudas
75%
durmiendo
75%
encantos
75%
encerrada
75%
es
75%
esos
75%
está
75%
estás
75%
fácil
75%
falta
75%
ganado
75%
guerra
75%
Habrá
75%
hace
75%
has
75%
hasta
75%
hay
75%
heridos
75%
igual
75%
intentar
75%
labios
75%
lado
75%
latidos
75%
mirada
75%
muchos
75%
pensado
75%
perder
75%
perdí
75%
piel
75%
Poderme
75%
Porque
75%
quedan
75%
quieras
75%
resistir
75%
respiras
75%
robes
75%
seguir
75%
sólo
75%
suficientes
75%
ti
75%
tiempo
75%
tu
75%
75%
75%
tus
75%
Tus
75%
voy
75%
ya
75%
corazón
63%
doliera
63%
dueño
63%
enamorarte
63%
encuentro
63%
estoy
63%
final
63%
iba
63%
ileso
63%
juré
63%
juro
63%
peleaban
63%
recuperar
63%
robaste
63%
tarde
63%
tienen
63%
sobreviví
50%
No matching quizzes found
Score Distribution
Percent of People with Each Score
Percentile by Number Answered
Your Score History
You have not taken this quiz